Word Ladder: May 1st, 1840 Quiz Stats

 Plays Quiz Updated May 1, 2016

Challenge
Share
Tweet
Embed
Score 0/15 Timer 02:00
1 Play Today
Hint 5-Letter Word % Correct
Wide seat, often at a parkBENCH
96.7%
Diagonally cut tubular pastaPENNE
95%
• 1-cent coin; with last rung, first adhesive postage stamp, issued May 1st, 1840 •• PENNY •
94.7%
'Sing a song of six_____'PENCE
94.4%
• Opposite of white; with first rung, first adhesive postage stamp, issued May 1st, 1840 •• BLACK •
93.3%
Race locationTRACK
93.3%
Group of sheep or birdsFLOCK
93.2%
Lifeguard's office?BEACH
93.2%
Hint 5-Letter Word % Correct
To convey knowledgeTEACH
92.6%
To obstruct or vetoBLOCK
91.9%
ThereforeHENCE
90.8%
Underling who often performs unpleasant tasks: _____manHENCH
89.5%
Surgery to insert a breathing tube, for shortTRACH
88.6%
Gown or dressFROCK
86.9%
To extract oil or gas OR expletive euphemismFRACK
86.6%

Today's Daily Dose

You're not logged in!

Compare scores with friends on all Sporcle quizzes.
Join for Free
OR
Log In

You Might Also Like...

Show Comments

Extras

Top Quizzes Today


Score Distribution

Your Account Isn't Verified!

In order to create a playlist on Sporcle, you need to verify the email address you used during registration. Go to your Sporcle Settings to finish the process.

Report this User

Report this user for behavior that violates our Community Guidelines.

Details: